000 00337nam a2200133Ia 4500
999 _c6285
_d6285
003 OSt
008 191201s2014 xx 000 0 und d
100 _aGARG, Santosh Kumar
245 0 _aIrrigation Engineering and Hydraulic Structures
260 _aN. delhi
_bKhanna
_c2014
300 _a1265
650 _aB.Tech(CE)
942 _2ddc
_cBK
_032